| 000 | 01289nam a2200289 c 4500 | ||
|---|---|---|---|
| 999 |
_c125449 _d125449 |
||
| 003 | BLK | ||
| 005 | 20220729151736.0 | ||
| 008 | 180409b bul|||||r ||||||| ||bul|| | ||
| 010 | _aKNG00131119000 | ||
| 040 | _aBLK | ||
| 041 |
_aBUL _cBUL |
||
| 080 |
_aРуска литература _b821.161.1 _x-31 _z821.161.1-31 |
||
| 100 | 1 |
_aБек, Александър Алфредович _eпърви автор _9319424 |
|
| 139 |
_aБек, Александър Алфредович _bБ 32 |
||
| 245 | 1 | 0 |
_aТалант _bЖивотът на Бережков : Роман _cАлександър Алфредович Бек; прев. от рус. Бора Друмева. |
| 257 | _aSUN | ||
| 260 |
_aСофия _bНар. култура _c1972 |
||
| 300 |
_a568 с. _c22 см |
||
| 380 | _aX | ||
| 500 | _aРоман за живота на съв. авиоконструктор Александър Александрович Микулин. - 25 100 тир. | ||
| 700 | 1 |
_aДрумева, Бора _eпрев. от рус. _9314759 |
|
| 852 |
_aЦб 63040 _bЦб |
||
| 856 | 4 | _qpdf | |
| 856 | 4 | _qpdf | |
| 942 |
_cKNG _n0 _s1 |
||
| 944 |
_aCR _c05.06.2012 _l05.06.2012 - от С1,Р / 05.06.2012 _kНаталия_Медовщикова |
||
| 944 |
_aED _c14.09.2017 _l05.06.2012 - от С1,Р / 05.06.2012 _kЕлица_Владова |
||
| 944 |
_aED _c2022-07-29 _kВП |
||
| 999 | _d125449 | ||